Networking wireless sensors (رقم التسجيلة. 32579)
[ عرض عادي ]
| 000 -الفاتح | |
|---|---|
| حقل البيانات ثابتة الطول | 01473cam a2200397Ma 4500 |
| 001 - رقم الضبط | |
| رقم الضبط | 7207387 |
| 003 - محدد رقم الضبط | |
| رقم الضبط | OSt |
| 005 - وقت وتاريخ اخر تعامل مع التسجيلة | |
| رقم الضبط | 20150408114157.0 |
| 006 - عناصر البيانات ثابتة الطول - خصائص المادة الاضافية-معلومات عامة | |
| حقل البيانات ثابتة الطول | m d |
| 007 - الحقل الثابت للوصف المادى- معلومات عامة | |
| حقل البيانات ثابتة الطول | cr cnu|||||||| |
| 008 - عناصر البيانات ثابتة الطول - معلومات عامة | |
| حقل البيانات ثابتة الطول | 050414s2005 enka sb 001 0 eng |
| 020 ## - الرقم الدولى المعيارى للكتب | |
| الرقم الدولى المعيارى للكتاب | 9780521838474 (hbk) |
| 020 ## - الرقم الدولى المعيارى للكتب | |
| الرقم الدولى المعيارى للكتاب | 0521838479 (hbk) |
| 020 ## - الرقم الدولى المعيارى للكتب | |
| الرقم الدولى المعيارى للكتاب | 9781601197542 (electronic bk.) |
| 020 ## - الرقم الدولى المعيارى للكتب | |
| الرقم الدولى المعيارى للكتاب | 1601197543 (electronic bk.) |
| 035 ## - رقم ضبط النظام | |
| رقم ضبط النظام | (OCoLC)63814419 |
| 035 ## - رقم ضبط النظام | |
| رقم ضبط النظام | (OCoLC)ocm63814419 |
| 035 ## - رقم ضبط النظام | |
| رقم ضبط النظام | (NNC)7207387 |
| 037 ## - مصدر التزويد | |
| مصدر رقم المخزون/ التزويد | Knovel Corporation |
| ملاحظة | http://www.knovel.com |
| 040 ## - مصدر الفهرسة | |
| وكالة الفهرسة الأصلية | AU@ |
| لغة الفهرسة | eng |
| وكالة النسخ | AU@ |
| وكالة التعديل | KNOVL |
| -- | ZCU |
| 050 00 - رقم طلب مكتبة الكونجرس | |
| رقم التصنيف | TK7872.D48 |
| رقم المادة | K755 2005eb |
| 082 04 - رقم تصنيف ديوى العشرى | |
| رقم التصنيف | 004.68 |
| رقم الطبعة | 22 |
| رقم المادة | KBN |
| 100 1# - المدخل الرئيسى - إسم شخصى | |
| الإسم الشخصى | Krishnamachari, Bhaskar. |
| 9 (RLIN) | 40938 |
| 245 10 - بيان العنوان | |
| العنوان | Networking wireless sensors |
| الوسيط | [electronic resource] / |
| بيان المسئوليه,etc | Bhaskar Krishnamachari. |
| 260 ## - PUBLICATION, DISTRIBUTION, ETC. (IMPRINT) | |
| مكان الناشر او الموزع | Cambridge : |
| اسم الناشر او الموزع | Cambridge University Press, |
| تاريخ النشر أو التوزيع | 2005. |
| 300 ## - الوصف المادى | |
| التعداد | xii, 202 p. : |
| تفاصيل ماديه اخرى للوعاء | ill. ; |
| أبعاد الوعاء | 26 cm. |
| 504 ## - تبصرة ببليوجرافية | |
| تبصرة ببليوجرافية,الخ | Includes bibliographical references (p. 183-196) and index. |
| 533 ## - تبصرة الاستنساخ | |
| الوكالة المسؤولة عن الاستنساخ | Knovel, |
| نوع الاستنساخ | Electronic reproduction. |
| مكان الاستنساخ | Norwich, N.Y : |
| تاريخ الاستنساخ | [200-]. |
| تبصرة بخصوص الاستنساخ | Mode of access: World Wide Web. |
| -- | System requirements: Adobe Acrobat Reader. |
| -- | Available to subscribing institutions |
| 650 #0 - المدخل الاضافى بالموضوع-مصطلح موضوعى | |
| مصطلح موضوعي أو اسم جغرافي كعنصر مدخل | Sensor networks. |
| 650 #0 - المدخل الاضافى بالموضوع-مصطلح موضوعى | |
| مصطلح موضوعي أو اسم جغرافي كعنصر مدخل | Wireless LANs. |
| 655 #7 - مصطلح تكشيفى-نوع/شكل | |
| بيانات النوع/ الشكل أو المصطلح الأساسي | Electronic books. |
| مصدر المصطلح | local |
| 9 (RLIN) | 4135 |
| 710 2# - المدخل الاضافى - اسم هيئه | |
| اسم الهيئة أو اسم السلطة كمدخل | Knovel (Firm) |
| 9 (RLIN) | 40249 |
| 856 40 - الوصول و الموقع الالكترونى | |
| معرف المصدر الموحد | <a href="http://www.columbia.edu/cgi-bin/cul/resolve?clio7207387">http://www.columbia.edu/cgi-bin/cul/resolve?clio7207387</a> |
| تبصرة عامة | Click here for full text. |
| 942 ## - عناصر المدخل الإضافي( كوها) | |
| مصدر التصنيف او مخطط الترفيف | Dewey Decimal Classification |
| Koha [default] item type | كتاب |
| حالة الفقد | نموذج السعر الفعال | حالة تلف | ليس للاعارة | رقم الطلب | تاريخ الاكتساب | الموقع الحالي | الباركود | الفرع الرئيسي | Date last seen | نوع المادة فى نظام كوها | مصدر التصنيف او خطة الترفيف | Total Checkouts |
|---|---|---|---|---|---|---|---|---|---|---|---|---|
| 2013-12-12 | 004.68 KBN | 2013-12-12 | المكتبة المركزية بالمجمعة (CL) | 00452974 | المكتبة المركزية بالمجمعة (CL) | 2013-12-12 | كتاب | Dewey Decimal Classification | ||||
| 2013-12-12 | 004.68 KBN | 2013-12-12 | المكتبة المركزية بالمجمعة (CL) | 00452975 | المكتبة المركزية بالمجمعة (CL) | 2013-12-12 | كتاب | Dewey Decimal Classification | ||||
| 2013-12-12 | 004.68 KBN | 2013-12-12 | المكتبة المركزية بالمجمعة (CL) | 00452976 | المكتبة المركزية بالمجمعة (CL) | 2013-12-12 | كتاب | Dewey Decimal Classification | ||||
| 2013-12-12 | 004.68 KBN | 2013-12-12 | مكتبة مجمع الكليات بالزلفى - طلاب (SZM) | 00452977 | مكتبة مجمع الكليات بالزلفى - طلاب (SZM) | 2013-12-12 | كتاب | Dewey Decimal Classification | ||||
| 2013-12-12 | 004.68 KBN | 2013-12-12 | مكتبة مجمع الكليات بالزلفى - طلاب (SZM) | 00452978 | مكتبة مجمع الكليات بالزلفى - طلاب (SZM) | 2013-12-12 | كتاب | Dewey Decimal Classification |
